000 00340nam a2200109Ia 4500
008 171211s9999 xx 000 0 und d
245 _aClassical Seattle : Maestros, Impresarios, Virtuosi, and Other Music Maker
245 _cMelinda Bargreen
260 _c2016
650 _xmusic
856 _uhttp://down.ebook777.com/058/9780295995120.pdf
999 _c348715
_d348715